书目信息 |
| 题名: |
新闻采访
|
|
| 作者: | 希克斯 , 亚当斯 著 ;郭琼俐 , 曾慧琦 译 | |
| 分册: | ||
| 出版信息: | 上海 上海三联书店 2004 |
|
| 页数: | 292页 | |
| 开本: | 21cm | |
| 丛书名: | ||
| 单 册: | ||
| 中图分类: | G212.1 | |
| 科图分类: | ||
| 主题词: | 新闻采访 | |
| 电子资源: | ||
| ISBN: | 7-5426-1961-6 | |
| 000 | 01572nam0 2200373 450 | |
| 000 | 01535nam0 2200361 450 | |
| 000 | 01533nam0 2200373 450 | |
| 000 | 01479nam0 2200349 450 | |
| 000 | 01486nam0 2200337 450 | |
| 000 | 01449nam0 2200325 45 | |
| 001 | TS-116571 | |
| 005 | 20061206081816.64 | |
| 010 | @a7-5426-1961-6@dCNY20.00 | |
| 100 | @a20060829d2004 em y0chiy0110 ea | |
| 101 | 1 | @achi@ceng |
| 102 | @aCN@b310000 | |
| 105 | @ay z 000yy | |
| 200 | 1 | @a新闻采访@Axin wen cai fang@e第一线采访手边书@EDi Yi Xian Cai Fang Shou Bian Shu@f(英)萨利·亚当斯(Sally Adams),(英)文弗·希克斯(Wynford Hicks)著@F( Ying ) Sa Li· Ya Dang Si (Sally Adams),( Ying ) Wen Fu· Xi Ke Si (Wynford Hicks) Zhu@g郭琼俐,曾慧琦译 |
| 210 | @a上海@c上海三联书店@d2004 | |
| 215 | @a292页@d21cm | |
| 305 | @a本书由中国(台湾)五南图书出版股份有限公司授权出版 | |
| 330 | @a本书所介绍的新闻采访囊括了采访的每个阶段,包括了采访的研究、计划及事前准备、建构问题、身体语言的重要性、如何取得鲜活的“引述句”,搜集及编辑资料等。 | |
| 510 | 1 | @aInterviewing for Journalists@zeng |
| 517 | 1 | @a第一线采访手边书@Adi yi xian cai fang shou bian shu |
| 606 | 0 | @a新闻采访 |
| 690 | @aG212.1@v4 | |
| 701 | 0 | @c(英)@a希克斯@Axi ke si@c(Hicks, Wynford)@4著 |
| 701 | 0 | @c(英)@a亚当斯@Aya dang si@c(Adams, Sally)@4著 |
| 702 | 0 | @a郭琼俐@Aguo qiong li@4译 |
| 702 | 0 | @a曾慧琦@Azeng hui qi@4译 |
| 801 | 0 | @aCN@b中图数据@c20061206 |
| 905 | @a10447@dG212.1@e197 | |
| 新闻采访:第一线采访手边书/(英)萨利·亚当斯(Sally Adams),(英)文弗·希克斯(Wynford Hicks)著/郭琼俐,曾慧琦译.-上海:上海三联书店,2004 |
| 292页;21cm |
| ISBN 7-5426-1961-6:CNY20.00 |
| 本书所介绍的新闻采访囊括了采访的每个阶段,包括了采访的研究、计划及事前准备、建构问题、身体语言的重要性、如何取得鲜活的“引述句”,搜集及编辑资料等。 |
| ● |
| 相关链接 |
|
|
|
|
正题名:新闻采访
索取号:G212.1/197
 
预约/预借
| 序号 | 登录号 | 条形码 | 馆藏地/架位号 | 状态 | 备注 |
| 1 | 0604001 | 206040014 | 第一样本阅览室/ [索取号:G212.1/197] | 在馆 | |
| 2 | 0604002 | 206040023 | 第四借阅区/ [索取号:G212.1/197] | 在馆 | |
| 3 | 0604003 | 206040032 | 第四借阅区/ [索取号:G212.1/197] | 在馆 | |
| 4 | 0604004 | 206040041 | 第四借阅区/ [索取号:G212.1/197] | 在馆 |